| 000 | 00696nam a22001817a 4500 | ||
|---|---|---|---|
| 003 | BD-DhUL | ||
| 005 | 20180121105652.0 | ||
| 008 | 180121s1980 ii ||||| |||| 00| 0 ben d | ||
| 040 |
_aBD-DhUL _cBD-DhUL |
||
| 082 |
_a891.44309 _bMOB |
||
| 100 | 1 | _aবসু, মলয় | |
| 245 | 0 | 0 |
_aবাংলা সাহিত্যে রূপকথা-চর্চা / _cমলয় বসু |
| 260 |
_aকলকাতা : _bবাগচী, _c১৯৮০। |
||
| 300 |
_a২৬৫ পৃ. ; _c২১ সেমি. |
||
| 650 | 4 |
_aবাংলা সাহিত্য _xইতিহাস ও সমালোচনা |
|
| 650 | 4 |
_aBengali fiction _xHistory and criticism |
|
| 942 |
_2ddc _cBK |
||
| 999 |
_c237268 _d237268 |
||